[Event "Candidates Tournament"]
[Site "Moscow"]
[Date "2016.03.17"]
[Round "6"]
[White "Aronian, Levon"]
[Black "Nakamura, Hikaru"]
[Result "1-0"]
[WhiteElo "2786"]
[BlackElo "2790"]
[Annotator "Roiz,M"]
[PlyCount "166"]
[EventDate "2016.03.11"]
[EventType "tourn"]
[EventRounds "14"]
[EventCountry "RUS"]
[EventCategory "22"]
[SourceTitle "CBM 172"]
[Source "ChessBase"]
[SourceDate "2016.05.12"]
[SourceVersion "1"]
[SourceVersionDate "2016.05.12"]
[SourceQuality "1"]

1. d4 Nf6 2. c4 e6 3. Nf3 b6 4. g3 Ba6 5. Qc2 c5 6. d5 exd5 7. cxd5 Bb7 8. Bg2
Nxd5 9. O-O Nc6 10. Rd1 Be7 {No doubt,this theoretical positionhad been deeply
explored by both players.} 11. Qa4 ({The other popular continuations are:} 11.
a3) ({and} 11. Qf5) 11... Nf6 {White is a pawn down, so it is necessary to
play very energetically.} 12. Nh4 {The knight is heading to f5, whereas the
Bg2 is getting more powerful.} ({Another possible plan is advancing the e-pawn:
} 12. e4 O-O 13. e5 Ne8 14. Nc3 Nc7 15. Be3 {The pressure along the d-file
offers White full compensation for a pawn, but not more. Levon had good
memories from his experience in this line, but objectively after} Qe8 (15... f5
$5 {Potkin,V (2653)-Volokitin,A (2677)/Aix-les-Bains 2011, seems an
alternative worth considering.}) 16. Nd2 Rb8 17. Nc4 b5 18. Nxb5 Nxb5 19. Qxb5
Nxe5 20. Nxe5 Bxg2 21. Qxd7 Ba8 {Aronian,L (2802)-Leko,P (2735)/Wijk aan Zee
2013/CBM 153/[Krasenkow,M], Black's position was not bad at all.}) 12... O-O ({
Another logical response -} 12... g6 13. Bh6 Bf8 14. Bxf8 Kxf8 {has also been
seen in Aronian's practice. Nowadays, the resulting positions are considered
somewhat shaky for Black.}) 13. Nc3 $146 {This innovation hardly poses Black
any problems, but this way of handling the position doesn't lead to
simplifications.} (13. Nf5 {was well known to Hikaru, who had employed it one
year earlier:} d5 14. Nc3 Nd4 $1 15. Nxd4 cxd4 16. Rxd4 (16. Qxd4 Bc5 17. Qa4
Qc8 18. Nxd5 Nxd5 19. Bxd5 Bxd5 20. Rxd5 Qe6 21. e4 Rfe8 $11 {1/2 Leko,P (2739)
-Karjakin,S (2720)/Wijk aan Zee 2010/CBM 135/[Krasenkow,M] (36)}) 16... Qe8 17.
Qxe8 Rfxe8 18. Rd1 Bb4 19. Bd2 Bxc3 20. Bxc3 Rxe2 21. Bf3 Re6 22. Bxf6 Rxf6 23.
Bxd5 Bxd5 24. Rxd5 g6 $11 {1/2 Nakamura,H (2776)-Harikrishna,P (2723)/Caleta
ENG 2015 (68)}) 13... g6 {Comparing to the above-mentioned note, the
consequences of this weakening move are less scary.} 14. Bg5 Rb8 {Protecting
the light-squared bishop is the most natural reaction to White's new idea.} ({
Another possibility was} 14... a6 15. Rd2 b5 $5 {seizing some space on the
q-side. For instance,} 16. Qf4 Rb8 17. Rad1 Nd4 18. Bxf6 Bxf6 19. Bxb7 Bg5 (
19... Rxb7 20. Ne4 Be7 21. Nf3 $44) 20. Qe4 Bxd2 21. Rxd2 Re8 22. Qd5 Qc7 23.
e3 {with complex, double-edged play.}) 15. Bf4 Rc8 16. Bh6 {The main idea
behind this move is freeing a way for the queen.} (16. Rd2 d5 17. Rad1 d4 18.
e3 Qe8 19. exd4 cxd4 20. Nb5 Nd7 {wouldn't pose Black any problems.}) 16... Re8
17. Qf4 Na5 {The exchange of bishops is clearly in Black's favour, so it makes
sense to force matters.} ({Of course, Hikaru doesn't fall into a nice trap:} 
17... Nh5 $4 18. Qxf7+ Kxf7 19. Bd5+ Kf6 20. Ne4+ Ke5 21. f4+ Nxf4 22. Bxf4#) (
17... Ba8 $5 {also deserved serious attention:} 18. Nf5 Nh5 19. Nxe7+ Nxe7 20.
Qh4 Bxg2 21. Kxg2 Nf5 22. Qxd8 Rcxd8 {with approximate equality.}) 18. Nf5 (18.
Bxb7 $5 Nxb7 19. Nf5 Bf8 20. Bxf8 Rxf8 21. Ne3 $44 {would have kept the
long-term compensation for a pawn.}) 18... Bxg2 19. Nxe7+ Qxe7 20. Kxg2 Qe5 $1
{Like in most cases, the centralised queen has excellent prospects.} 21. e3 $6
{A small tactical blunder.} ({There was no way to keep the queens on the board:
} 21. Qh4 $6 Nc6 22. Bg5 Ne4 23. Nxe4 Qxe4+ 24. Qxe4 Rxe4 $15) ({However, a
better try was} 21. Bg5 Qxf4 22. gxf4 Ne4 23. Nxe4 Rxe4 24. Kf3 Rd4 25. Rxd4
cxd4 26. Rd1 Nc6 27. Bf6 $11) 21... d5 $6 {Returning the favour.} ({Both
players missed} 21... Qe6 $1 {, and then after something like} 22. Qd6 (22. Rd6
$4 Nh5 $19) 22... Qxd6 23. Rxd6 Re6 $15 {White would be forced to fight for a
draw.}) 22. Bg5 Ne4 $6 {One more mistake, which leads to an unpleasant endgame.
} ({The correct move was} 22... Kg7 23. Qxe5 Rxe5 24. Bxf6+ Kxf6 25. Nxd5+ Kg7
26. Nc3 Nc6 {and Black should be able to neutralise White's control over the
open file.}) 23. Rxd5 Qxf4 24. gxf4 {The extra pawn is gone, while White's
pieces are still much more active.} Nxc3 ({Liquadating the powerful bishop
wouldn't solve the problems:} 24... Nxg5 25. fxg5 Kf8 26. Rad1 Nc6 27. Rd7 Re7
28. h4 $14) 25. bxc3 Kg7 $6 ({Black's defensive task would be easier after
swapping one pair of rooks:} 25... Rc7 $1 26. Rad1 Kg7 27. Rd7 Rxd7 28. Rxd7 h6
29. Bh4 Nc6 30. Rc7 Re6 $14) 26. Rd7 h6 27. Be7 Nc4 {Alas, Black cannot really
benfit from having such a stable knight.} ({As the following line illustrates,
Black was doomed to a passive defence:} 27... Nc6 28. Bh4 Re4 29. Rad1 Ra4 $140
$2 30. R1d6 Rxa2 31. Bf6+ Kg8 32. Rxc6 Rxc6 33. Rd8+ Kh7 34. Rh8# $18) 28. Rad1
a5 29. R1d5 {Keeping an eye on the Pc5, so Black's pawns are not mobile
anymore.} Rc6 30. Ra7 Re6 31. Rdd7 Kg8 {Black is almost paralysed, but it's
not easy to make progress.} 32. h4 Kg7 33. Bd8 Kg8 34. Be7 Kg7 35. Rab7 {
Both players were interested in crossing the time control without committing
serious mistakes.} (35. a4 $1 {was stronger:} Kg8 36. Rab7 Kg7 37. Kf3 Nd2+ 38.
Ke2 Ne4 39. Bd8 Kg8 40. c4 $16) 35... Kg8 36. Rbc7 Na3 37. Bd8 Nc4 38. Be7 {
Levon doesn't let Black remove the knight from the q-side.} ({It was possible
to convert one type of advantage into another:} 38. Ra7 $5 {, and if} Nd6 {then
} 39. Bxb6 Nc8 40. Bxc5 Nxa7 41. Rxa7 $16) 38... Na3 39. Rb7 Nc4 40. Kf3 ({
Levon has missed the last chance to fix the favourable pawn structure:} 40. a4
$1 Kg7 41. Kf3 Nd2+ 42. Ke2 Ne4 43. Bd8 Kg8 44. Bxb6 Nxc3+ 45. Kf3 Nxa4 46.
Bxa5 Rf8 47. Bc7 $16 {the domination of White's pieces offers excellent
winning chances.}) 40... a4 $1 41. Rbc7 $6 {This inaccurate move allows Black
to liquidate into a rook endgame.} ({A better one was} 41. Ra7 $1 Na5 42. f5
gxf5 43. Bd6 h5 44. Bf4 Nc6 45. Rxa4 $16) 41... Nd2+ $1 42. Rxd2 ({A similar
type of endgame would arise after} 42. Ke2 Ne4 43. c4 Nf6 44. Bxf6 Rxf6 45. Re7
Rxe7 46. Rxe7 b5 47. cxb5 Rb6 48. Ra7 Rxb5 49. Rxa4 Rb2+ 50. Kf3 c4 {and Black
should be able to hold it.}) 42... R6xe7 43. Rc6 Re6 44. Rxe6 Rxe6 45. c4 {
Despite the major simplifications, Black's position is still difficult.} Kg7
46. e4 ({After} 46. Rd7 b5 47. cxb5 Rb6 48. Ra7 Rxb5 49. Rxa4 Rb2 50. a3 Ra2 {
it would be impossible to avoid the exchange of q-side pawns.}) 46... Re8 {
This move isn't a serious mistake yet,} ({But a more natural one would be} 
46... Re7 47. e5 Rb7 48. Rd6 b5 49. Ra6 bxc4 50. Rxa4 Rb4 51. Ra5 Kf8 52. Rxc5
Ra4 $11) 47. e5 Rb8 48. Rd7 {Now the threat of 49.e6 forces Black to spend a
tempo.} Kf8 49. f5 gxf5 50. Kf4 b5 {Still, Hikaru manages to activate his rook.
} 51. cxb5 Rxb5 52. Kxf5 a3 $4 {An unbelievable mistake.} ({Instead,} 52... Ke8
{would have secured an easy draw:} 53. Ra7 c4 54. Rc7 Rb2 55. f4 Rxa2 56. Rxc4
a3 57. Ra4 Rh2 58. Rxa3 Rxh4 $11) 53. f4 $2 {Returning the favour!} ({For some
reason, both players missed} 53. Kf6 Rb6+ 54. Rd6 {and Black loses on spot:}
Rb8 55. f4 Rc8 56. f5 c4 57. Rd7 c3 58. Rxf7+ Ke8 59. Rg7 Kf8 60. e6 $18) 53...
Rb4 54. Ra7 c4 55. Rxa3 Rb2 {Now White cannot save the Pa2, so the resulting
endgame seems drawish.} 56. Ra6 Kg7 57. a4 c3 58. Ra7 c2 59. Rc7 Rb4 60. a5 Ra4
61. Rxc2 Rxa5 {Liquidating the last q-side pawn is Black's indisputable
achivement.} 62. Rc4 Ra1 63. Rc7 Kf8 64. Rd7 Ra4 65. Rd3 Rc4 66. Re3 Ke7 67.
Re4 Rc1 68. Rb4 Kf8 69. Rb6 Kg7 70. Rb7 Kf8 71. Rb8+ Kg7 72. Rb4 Ra1 73. Rd4
Ra2 74. Rd7 {[%mdl 4096]} Kf8 $4 {Like earlier in the game, Black invites the
opponent's king into his camp! This time this blunder was dramatic - Hikaru
was forced to move his king after touching it!} ({At the same time, after} 
74... Re2 75. h5 Re1 76. Rc7 Re2 77. Rc3 Ra2 78. Rg3+ Kf8 {Black should be
able to achieve a draw.}) 75. Kf6 {This time Levon doesn't miss his chance!}
Ra6+ 76. Rd6 Ra8 77. h5 Kg8 78. f5 Rb8 79. Rd7 ({Or} 79. e6 fxe6 80. fxe6 Kf8
81. Rd7 Ra8 82. Rf7+ Kg8 83. Rg7+ Kh8 84. Rg6 $18) 79... Rb6+ 80. Ke7 Rb5 81.
Rd8+ Kh7 82. Kf6 Rb6+ 83. Rd6 Rb7 {Black resigns in view of 84.e6, promoting.}
1-0

[Event "EU-Cup 19th"]
[Site "Rethymno"]
[Date "2003.10.02"]
[Round "5.5"]
[White "Landa, Konstantin"]
[Black "Ivanov, Sergey"]
[Result "1/2-1/2"]
[WhiteElo "2614"]
[BlackElo "2556"]
[Annotator "Roiz,M"]
[PlyCount "71"]
[EventDate "2003.09.28"]
[EventType "team-swiss"]
[EventRounds "7"]
[EventCountry "GRE"]
[SourceTitle "CBM 098"]
[Source "ChessBase"]
[SourceDate "2004.02.03"]
[SourceVersion "1"]
[SourceVersionDate "2004.02.03"]
[SourceQuality "1"]
[WhiteTeam "Tomsk 400"]
[BlackTeam "St Petersburg"]
[WhiteTeamCountry "RUS"]
[BlackTeamCountry "RUS"]

1. d4 {[%mdl 2064]} Nf6 2. Nf3 e6 3. c4 b6 4. g3 Ba6 5. b3 d5 6. cxd5 {In my
opinion,that move is not principal and gives black more chanses for equality.}
({the main line goes with} 6. Bg2 dxc4 7. Ne5 Bb4+ 8. Kf1 Bd6 9. Nxc4 Nd5 10.
e4 Ne7) 6... exd5 7. Bg2 Bb4+ 8. Bd2 Bd6 9. O-O O-O 10. Nc3 Re8 11. Re1 {
The most popular.} (11. Bg5 c6 12. Qc2 Nbd7 13. Rfd1 Rc8 14. Rac1 h6 15. Bxf6
Nxf6 $11 {1/2-1/2 Shipov,S-Olafsson,H/Internet ICC 2000/EXT 2001 (74)}) (11.
Rc1 Nbd7 12. Re1 c6 13. Qc2 Rc8 14. e4 Nxe4 15. Nxe4 dxe4 16. Rxe4 c5 17. Rxe8+
Qxe8 18. Re1 Qd8 19. Bg5 Qc7 20. dxc5 Qxc5 21. Qxc5 Nxc5 22. Bh3 Ra8 23. Nd4
$14 {1-0 Eingorn,V-Shipov,S/Berlin 1992/EXT 98 (51)}) 11... Bb7 12. Nb5 {
In my opinion,that is just a loss of time,since the bishop has a comfortable
spot on f8 and c7-c6 is not bad at all.} (12. Qc2 Na6 13. Rad1 Ne4 14. Ne5 Nb4
15. Qb2 c5 16. Nxe4 dxe4 17. Bxb4 cxb4 18. Nc4 Bc7 19. d5 $14 {1-0 Petursson,
M-Plaskett,J/Hastings 1985/EXT 99 (57)}) (12. Rc1 a6 13. Bf4 Bxf4 14. gxf4 Ne4
15. e3 Nd7 16. Ne5 f6 17. Nd3 Nf8 18. Qh5 Qd6 19. Ne2 Qe7 20. Ng3 $14 {1/2-1/2
Pushkov,N-Ibragimov,I/Cappelle la Grande 1998/CBM 63 ext (44)}) 12... Bf8 13.
Rc1 $146 {According to my database,before this game,black has won all the
games,in which this position has arised!} (13. Bf4 Na6 14. a3 (14. Ne5 c6 15.
Nc3 Nc7 16. a3 c5 17. dxc5 bxc5 18. Nd3 Ne6 19. Bd2 Rb8 20. Na4 d4 $15 {
0-1 Bratchenko,A-Shipov,S/Cherepovets 1997/EXT 99 (34)}) 14... c6 15. Nc3 c5
16. Bg5 h6 17. Bxf6 Qxf6 18. e3 Nc7 19. Qd2 Bd6 20. Rec1 Qe7 $11 {0-1
Bratchenko,A-Shaposhnikov,E/St Petersburg 2000/EXT 2001 (39)}) 13... c6 14. Nc3
Nbd7 {White's main problem is that his pawn on b3 and he cannot prepare b3-b4.
Without that typical move there is no good plan for white.} 15. Qc2 Rc8 (15...
Bd6 16. Qb1 (16. e4 dxe4 17. Nxe4 Nxe4 18. Rxe4 Rxe4 19. Qxe4 Nf6 $11) 16...
Qe7 $11) 16. Qb2 Qe7 {[%cal Ye7a3] Preventing b3-b4.} 17. Bh3 (17. Nh4 $6 g6
18. e4 dxe4 19. Nxe4 Qa3 $1 $15) 17... Rcd8 18. Bf4 Ne4 {Black has reached an
ideal position for this line.His main problem is that he cannot fight for
advantage without c6-c5.} 19. Nd2 {White wants just to simplify the position,
since the Ne4 is quite unpleasant.} ({after} 19. Nxe4 $6 dxe4 20. Nd2 (20. Ne5
Nxe5 21. Bxe5 e3 $1 $36) 20... Nf6 {black's chanses are preferable.}) 19...
Ndf6 (19... Ng5 {[%cal Gg5e6]} 20. Bxg5 Qxg5 21. e4 $132) 20. Ndxe4 Nxe4 ({
In my opinion,only black can stand better after:} 20... dxe4 $142 21. Be5 Nd5
22. Nxd5 Rxd5 {[%cal Gc6c5]}) 21. Rc2 (21. Nxe4 dxe4 22. Be3 $11) 21... Qf6 (
21... c5 22. Nxe4 Qxe4 23. Bg2 Qe6 24. dxc5 bxc5 $132) 22. Nd1 $6 {Too
passively.Better was to change the knights.} (22. e3 $2 Nxc3 23. Qxc3 Qe7 $17 {
[%csl Rf4][%cal Gg7g5,Gf7f6]}) (22. Nxe4 $142 dxe4 23. Be3 $11) 22... c5 $6 {
[%mdl 16384] Now white gets at least a clear target for pieces.Another
important fact is that the trade of queens is in white's favour,since his
queen had no future at all-on the other hand black could always create some
threats on the king-side.} (22... Bb4 $142 23. Rf1 Qe7 24. Ne3 g6 $15 {this
position looks unpleasant for white.}) 23. dxc5 Bxc5 {Black's activity
compensates the weakness of the isolated pawn d5.} ({Besides,there was an
interesting opportunity of:} 23... Qxb2 $5 24. Nxb2 bxc5 25. Nd3 d4 26. Bg2 Ba6
$132 {[%cal Ge4c3]}) 24. Qxf6 Nxf6 25. Nb2 (25. Bg5 Rd6 $1 26. Nc3 h6 $11)
25... Ba6 {Now white has to play accurately,since d5-d4-d3 is a real threat
now.} 26. Kf1 Bb4 {Black shouldn't change the bishops-he has to keep more
pieces on the board.} (26... Ba3 $5 {[%csl Rc1][%cal Ya3c1]} 27. Nd3 Bc8 28.
Bg2 (28. Bxc8 Rxc8 29. Rxc8 Rxc8 30. Bc1 Bd6 {[%cal Gc8c2]}) 28... Ne4 $132 {
[%cal Gc8f5]}) 27. Bd2 Bxd2 28. Rxd2 Ne4 (28... d4 {[%cal Gf6e4]} 29. Rc2 Nd5
30. Bf5 $14) 29. Rc2 d4 30. Bf5 Nc3 (30... Re5 31. Bxe4 Rxe4 32. Rd1 Kf8 $11)
31. Bd3 Bb7 (31... Bxd3 32. Nxd3 Re7 33. Rec1 $14 {[%cal Ge2e3]}) 32. Nd1 Nd5
$6 {Inaccurate move,that allows white to get some advantage.} ({after the
correct} 32... Ne4 $1 {there is no better than} 33. Nb2 (33. f3 Nc5 {[%csl Re3]
}) 33... Nc3 $11) 33. Rc4 $1 Nf6 34. Rc7 (34. Nb2 $142 $1 Ng4 35. Rd1 Nxh2+ 36.
Kg1 Ng4 37. Rc7 $14) 34... Rd7 35. Rxd7 Nxd7 36. Nb2 {Here the draw was agreed,
but white's chanses are slighty better.} ({For example:} 36. Nb2 Nc5 37. Rc1 {
[%cal Gb3b4]} a5 38. Bc4 $14 {[%cal Gc1d1]}) 1/2-1/2